000
00298nam a22001217a 4500
008
170328b xxu||||| |||| 00| 0 eng d
041
_a
eng
080
_2
2 ED
_a
615.83
100
_a
8
101
_a
SHM
245
_a
EFFECTIVE DOCUMENTATION FOR OCCUPATIONAL THERAPY
_c
ACQUAVIVA.J.D
942
_2
udc
_c
BK
999
_c
8824
_d
8824